Представление документа в формате RUSMARC

ПолеНазваниеЗначение
  Тип записи a
  Библиографический уровень a
001 Контрольный номер RU/CBS_Ul/BASE/503687409
005 Дата корректировки 20250124034031.0
100 Данные общей обработки __
a Данные общей обработки 20151217d2015 ||| 0rusy0189 ca
101 Язык документа 0_
a Язык текста rus
102 Страна публикации __
a Страна публикации RU
105 Кодированные данные (монография) __
a Кодированные данные (монография) y###||||000|y
200 Заглавие и сведения об ответственности 1_
a Заглавие Триумф саранских мастериц
b Общее обозначение материала Текст
e Сведения, относящиеся к заглавию [II Евразийский конкурс высококй моды национального костюма "Этно-Эрато"]
300 Общие примечания __
a Общие примечания Ограничения по возрасту - 12+
461 Уровень набора _0
1 2000
a Ялгат/Друзья
463 Уровень физической единицы _0
1 001RU/CBS_Ul/BASE/503427759
1 2000
a № 1
v С.2
1 2120
d 2015
606 Тематические рубрики 0_
a Основная рубрика Конкурс - Национальный костюм
610 Ключевые слова 0_
a Ключевые слова национальные костюмы
a Ключевые слова конкурсы высокой моды
a Ключевые слова дизайнерские коллекции
a Ключевые слова народы
686 Индексы других классификаций __
a Классификационный индекс 37.24
2 Код системы ББК
801 Источник записи _0
a Страна RU
b Организация МБУК ЦБС г. Ульяновска
c Дата составления 20151217
g Правила каталогизации RCR
801 Источник записи _1
a Страна RU
b Организация МБУК ЦБС г. Ульяновска
c Дата составления 20151217
g Правила каталогизации RCR
901 Тип документа __
t Тип документа f
w Контрольный № источника RU/CBS_Ul/BASE/503427759
910 Корректоры записи __
a Корректор записи Библиотека 17
938 Служебная информация __
a Имя БД period